Taylor Swift - ...Ready for It? Lyrics - Statistics

General Stats
  • This quiz has been taken 308 times
  • The average score is 392 of 427
Answer Stats
Answer % Correct
a
100%
for
99%
I
99%
I-
99%
it?
99%
ready
99%
the
99%
You
99%
you
99%
be
98%
an
97%
are
97%
Are
97%
go
97%
me
97%
my
97%
time
97%
to
97%
and
96%
And
96%
baby
96%
Baby
96%
first
96%
gonna
96%
he
96%
him
96%
In
96%
in
96%
is
96%
middle
96%
night
96%
of
96%
saw
96%
see
96%
so
96%
that
96%
this
96%
was
96%
alone
95%
dreams
95%
how
95%
never
95%
Never
95%
then
95%
do
94%
No
94%
we
94%
you'll
94%
know
93%
take
93%
can
92%
Island
92%
island
92%
killer
92%
Knew
92%
let
92%
Let
92%
one
92%
things
92%
Touch
92%
touch
92%
has
91%
should
91%
begin
90%
i'm
90%
I'm
90%
games
89%
if
89%
man
89%
with
89%
low
88%
But
87%
but
87%
down
87%
lights
86%
breeze
85%
he's
85%
left
85%
girls
84%
haunted
84%
Taylor
84%
had
83%
many
83%
love
82%
now
82%
same
82%
sayin'
82%
sorry
82%
try
82%
like
81%
Like
81%
too
81%
all
80%
ghost
80%
hard
80%
some
80%
Some
80%
tryin'
80%
boys
79%
Holdin'
79%
phantom
79%
hearts
78%
ransom
78%
Stealing
78%
robber
77%
Oh
76%
don't
75%
exes
75%
forever
73%
though
73%
at
72%
move
72%
such
72%
than
72%
jailer
71%
we'll
71%
better
69%
keep
69%
very
69%
acts
68%
Every
68%
failure
68%
loved
68%
tame
68%
Younger
68%
running
67%
nothing
66%
thief
66%
Wondered
66%
join
65%
names
65%
off
64%
their
64%
forget
63%
heist
62%
comparison
61%
vendetta
61%
i've
60%
known
60%
Burton
59%
No matching quizzes found
Score Distribution
Percent of People with Each Score
Percentile by Number Answered
Your Score History
You have not taken this quiz